000 00774nam a2200253Ia 4500
003 OSt
005 20221006143837.0
006 a|||||r|||| 00| 0
007 ta
008 221006b |||||||| |||| 00| 0 eng d
020 _c
_24.00
024 _a10,173
037 _cTextual
040 _aEASL
_cEASL
_beng
041 _2eng
_aeng
082 _aWxM79:g, L91
100 _aKAGAN Richard Clark
_9650540
245 0 _aChinese Trotskyist movement and Ch'en Tu-Hsiu
_b Culture, revolution and polity, with an appended translation of Ch'en Tu-Hsiu's
260 _aAnn Arbor
_bUniversity Microfilms International
_c1979
300 _a206.p
_ccm.
490 _v Th
942 _hWxM79:g, L91
_cTEXL
_2CC
999 _c1078259
_d1078259